[Event "NM for klubblag 2012"]
[Site "Fagernes"]
[Date "2012.06.08"]
[Round "3"]
[White "Plischewski, Henning"]
[Black "Kvendseth, Cornelius"]
[Result "0-1"]
[WhiteElo "921"]
[BlackElo "1383"]
[PlyCount "78"]
[EventDate "2012.??.??"]

1. e4 e5 2. Nf3 Nc6 3. c3 Nf6 4. d4 exd4 5. e5 Ng8 6. cxd4 d6 7. Bb5 Bd7 8. Ba4
dxe5 9. Nxe5 Nxe5 10. dxe5 Qe7 11. Bxd7+ Qxd7 12. Qxd7+ Kxd7 13. O-O Re8 14.
Bf4 Bc5 15. Nc3 Ne7 16. Rad1+ Kc8 17. Be3 Bxe3 18. fxe3 Rhf8 19. e4 Nc6 20. Rd5
Nxe5 21. Rc5 Nd3 22. Rb5 c6 23. Rb3 Ne5 24. Rc1 Nc4 25. Rd1 Kc7 26. Kf2 f5 27.
exf5 Rxf5+ 28. Kg1 a5 29. Nb1 Re2 30. Rf3 Rxf3 31. gxf3 Nxb2 32. Rf1 Na4 33.
Na3 Rxa2 34. Nc4 b5 35. Ne3 b4 36. h4 b3 37. Nc4 b2 38. Nd2 Nc3 39. Kg2 b1=Q
0-1

[Event "Ortisei Server24 op"]
[Site "Ortisei"]
[Date "2012.06.07"]
[Round "6"]
[White "Borgo, Giulio"]
[Black "Moroder, Stefan"]
[Result "1-0"]
[WhiteElo "2395"]
[BlackElo "2129"]
[PlyCount "68"]
[EventDate "2012.06.02"]
[EventType "swiss"]
[EventRounds "9"]
[EventCountry "ITA"]
[SourceTitle "EXT 2014"]
[Source "ChessBase"]
[SourceDate "2013.11.20"]
[SourceVersion "1"]
[SourceVersionDate "2013.11.20"]
[SourceQuality "1"]

1. e4 e5 2. Nf3 Nc6 3. c3 Nf6 4. d3 d5 5. Nbd2 a5 6. a4 Bc5 7. Be2 O-O 8. O-O
h6 9. h3 Re8 10. Nh2 Be6 11. Ng4 Nxg4 12. Bxg4 Qd7 13. Qf3 Rad8 14. Re1 Ba7 15.
Nf1 Bxg4 16. hxg4 Re6 17. g5 Rg6 18. Qh5 hxg5 19. Qf3 Re6 20. Qh5 Rg6 21. Bxg5
Ne7 22. Re2 f6 23. Bd2 dxe4 24. dxe4 Qg4 25. Qxg4 Rxg4 26. g3 Kf7 27. Kg2 Ke6
28. Nh2 Rg6 29. Nf3 Rh8 30. Rh1 Rxh1 31. Kxh1 Rg4 32. Kg2 f5 33. exf5+ Nxf5 34.
Nxe5 Kf6 1-0

[Event "FICS unrated standard game"]
[Site "FICS freechess.org"]
[Date "2012.06.07"]
[Round "?"]
[White "IMBorgo"]
[Black "StefanMoroder"]
[Result "1-0"]
[WhiteElo "2395"]
[BlackElo "2129"]
[PlyCount "61"]
[EventDate "2012.??.??"]
[SourceTitle "OM Portal C 201906"]
[Source "Opening Master"]
[SourceDate "2019.06.27"]
[SourceVersion "1"]
[SourceVersionDate "2019.06.27"]
[SourceQuality "1"]

1. e4 e5 2. Nf3 Nc6 3. c3 Nf6 4. d3 d5 5. Nbd2 a5 6. a4 Bc5 7. Be2 O-O 8. O-O
h6 9. h3 Re8 10. Nh2 Be6 11. Ng4 Nxg4 12. Bxg4 Qd7 13. Qf3 Rad8 14. Re1 Ba7 15.
Nf1 Bxg4 16. hxg4 Re6 17. g5 Rg6 18. Qh5 hxg5 19. Qf3 Re6 20. Qh5 Rg6 21. Bxg5
Ne7 22. Re2 f6 23. Bd2 dxe4 24. dxe4 Qg4 25. Qxg4 Rxg4 26. g3 Kf7 27. Kg2 Ke6
28. Nh2 Rg6 29. Nf3 Rh8 30. Rh1 Rxh1 31. Kxh1 1-0

[Event "Baden-ch Seniors"]
[Site "Emmendingen"]
[Date "2012.06.06"]
[Round "5"]
[White "Slager, Anton"]
[Black "Prill, Gerhard"]
[Result "0-1"]
[WhiteElo "1985"]
[BlackElo "2059"]
[PlyCount "98"]
[EventDate "2012.06.02"]
[EventType "swiss"]
[EventRounds "9"]
[EventCountry "GER"]
[SourceTitle "CBM 148 Extra"]
[Source "ChessBase"]
[SourceDate "2012.06.22"]
[SourceVersion "1"]
[SourceVersionDate "2012.06.22"]
[SourceQuality "1"]

1. e4 e5 2. Nf3 Nc6 3. c3 d5 4. exd5 Qxd5 5. d3 Bf5 6. Be3 Rd8 7. d4 exd4 8.
Bxd4 Nxd4 9. Qxd4 Nf6 10. Bc4 Qe4+ 11. Qxe4+ Nxe4 12. Nbd2 Nxd2 13. Nxd2 Bd6
14. Nf3 O-O 15. O-O Bg4 16. Nd4 Bc5 17. Nb3 Bb6 18. h3 Bh5 19. Rfe1 Bg6 20.
Rad1 h6 21. Kf1 a5 22. Nc1 Bc2 23. Rxd8 Rxd8 24. Nb3 Kf8 25. Rc1 Be4 26. Be2 a4
27. Nd4 c5 28. Nb5 Rd2 29. f3 Bc6 30. c4 Rxb2 31. a3 Ke7 32. Rc3 Rb3 33. Rd3
Rb1+ 34. Kf2 Rb3 35. Kg3 Bxb5 36. cxb5 c4 37. Rd1 c3 38. Bc4 Rb2 39. Rc1 Bd4
40. Bd3 b6 41. Rc2 Kd6 42. Kf4 Kd5 43. Kf5 Bf6 44. Kf4 Kd4 45. Be4 Rxb5 46. Bc6
Rh5 47. Kg3 Bg5 48. Kf2 Bd2 49. Ke2 Kc4 0-1

[Event "ZN-2012-0-01962"]
[Site "Lechenicher SchachServer"]
[Date "2012.06.06"]
[Round "?"]
[White "Kratky, Josef"]
[Black "Goepfert, Christian"]
[Result "1-0"]
[WhiteElo "992"]
[BlackElo "563"]
[PlyCount "41"]
[EventDate "2012.06.02"]

1. e4 e5 2. Nf3 Nc6 3. c3 Bc5 4. d4 exd4 5. cxd4 Bb4+ 6. Nc3 Nf6 7. e5 Nd5 8.
Bd2 Nxc3 9. bxc3 Ba3 10. Bc4 O-O 11. Ng5 h6 12. Nxf7 Rxf7 13. Bxf7+ Kxf7 14.
Qb3+ Kf8 15. Qxa3+ Qe7 16. Qxe7+ Kxe7 17. O-O d6 18. f4 Be6 19. Rfe1 Rf8 20.
Rab1 Bxa2 21. Rxb7 1-0

[Event "HS-128"]
[Site "BdF-Schachserver"]
[Date "2012.06.06"]
[Round "?"]
[White "Schatz, Dieter"]
[Black "Kruijer, Ralf"]
[Result "0-1"]
[WhiteElo "1813"]
[BlackElo "1936"]
[PlyCount "70"]
[EventDate "2012.06.14"]
[SourceTitle "OM Corr 202003"]
[Source "Opening Master"]
[SourceDate "2019.05.30"]
[SourceVersion "2"]
[SourceVersionDate "2019.05.30"]
[SourceQuality "1"]

1. e4 e5 2. Nf3 Nc6 3. c3 d5 4. Qa4 f6 5. d3 Be6 6. Nbd2 Qd7 7. Be2 Bd6 8. exd5
Bxd5 9. Ne4 Nge7 10. O-O Nf5 11. b4 a6 12. Nfd2 O-O 13. Qc2 Be7 14. Nc4 b6 15.
g3 b5 16. Ne3 Nxe3 17. Bxe3 f5 18. Nc5 Qe8 19. f4 exf4 20. Bxf4 a5 21. Bf3 Bxf3
22. Rxf3 axb4 23. Ne6 bxc3 24. Rf2 Bf6 25. Nxc7 Qf7 26. Nxa8 Nd4 27. Qd1 c2 28.
Qf1 Rxa8 29. Rc1 Rxa2 30. Qe1 Qe7 31. Qxe7 Bxe7 32. Be3 Ba3 33. Rcf1 Bc5 34.
Rxf5 Nxf5 35. Bxc5 Rb2 0-1

[Event "FICS rated standard game"]
[Site "FICS freechess.org"]
[Date "2012.06.06"]
[Round "?"]
[White "stacelin"]
[Black "netder"]
[Result "1-0"]
[WhiteElo "2030"]
[BlackElo "2033"]
[PlyCount "67"]
[EventDate "2012.??.??"]
[SourceTitle "OM Portal C 201906"]
[Source "Opening Master"]
[SourceDate "2019.06.27"]
[SourceVersion "1"]
[SourceVersionDate "2019.06.27"]
[SourceQuality "1"]

1. e4 e5 2. Nf3 Nc6 3. c3 Nf6 4. d4 exd4 5. e5 Ne4 6. Qe2 Nc5 7. cxd4 Ne6 8. d5
Bb4+ 9. Nc3 Ned4 10. Nxd4 Nxd4 11. Qe4 c5 12. d6 O-O 13. Bd3 f5 14. Qd5+ Kh8
15. O-O Rb8 16. a3 Bxc3 17. bxc3 Ne6 18. f4 b6 19. Qa2 Bb7 20. Bc4 Qe8 21. Be3
Qg6 22. Rad1 Rbe8 23. Bc1 Rg8 24. Rd3 a6 25. Rg3 Qf7 26. a4 h6 27. Qb2 g5 28.
fxg5 hxg5 29. Bxg5 Rg6 30. Bf6+ Kg8 31. Rh3 Kf8 32. Rh8+ Rg8 33. Rxg8+ Qxg8 34.
Rf4 1-0

[Event "FICS rated standard game"]
[Site "FICS freechess.org"]
[Date "2012.06.05"]
[Round "?"]
[White "drinkeh"]
[Black "Fews"]
[Result "0-1"]
[WhiteElo "2128"]
[BlackElo "2094"]
[PlyCount "68"]
[EventDate "2012.??.??"]
[SourceTitle "OM Portal C 201906"]
[Source "Opening Master"]
[SourceDate "2019.06.27"]
[SourceVersion "1"]
[SourceVersionDate "2019.06.27"]
[SourceQuality "1"]

1. e4 e5 2. Nf3 Nc6 3. c3 Nf6 4. d4 Nxe4 5. d5 Ne7 6. Be3 d6 7. Qa4+ c6 8. dxc6
bxc6 9. Qxe4 Rb8 10. Qc2 Bf5 11. Qc1 Nd5 12. Bxa7 Rb7 13. Be3 Nxe3 14. fxe3 d5
15. Nbd2 Bd6 16. Be2 Bd7 17. e4 f5 18. exf5 O-O 19. O-O e4 20. Ne1 Qb8 21. h3
Qa7+ 22. Kh1 Qe3 23. Nc4 Qxe2 24. Nxd6 Qxf1+ 25. Kh2 Rbb8 26. c4 Rf6 27. c5
Bxf5 28. Nxf5 Rxf5 29. Qe3 Rxb2 30. a4 Rxg2+ 31. Nxg2 Qxa1 32. Qb3 Qe5+ 33. Kg1
Qd4+ 34. Kh2 Qxc5 0-1

[Event "FICS rated standard game"]
[Site "FICS freechess.org"]
[Date "2012.06.05"]
[Round "?"]
[White "ojha"]
[Black "chessrishabh"]
[Result "0-1"]
[WhiteElo "2011"]
[BlackElo "2007"]
[PlyCount "36"]
[EventDate "2012.??.??"]
[SourceTitle "OM Portal C 201906"]
[Source "Opening Master"]
[SourceDate "2019.06.27"]
[SourceVersion "1"]
[SourceVersionDate "2019.06.27"]
[SourceQuality "1"]

1. e4 e5 2. Nf3 Nc6 3. c3 Nf6 4. d4 Nxe4 5. d5 Nb8 6. Qe2 f5 7. Nxe5 Bc5 8.
Qh5+ g6 9. Nxg6 Nf6 10. Qe2+ Kf7 11. Ne5+ Kg7 12. Qd2 Re8 13. Qh6+ Kh8 14. Bg5
Rxe5+ 15. Be2 Be7 16. Nd2 Ng4 17. Bxe7 Rxe2+ 18. Kd1 Qxe7 0-1

[Event "Mitropa Cup 31st"]
[Site "Sibenik"]
[Date "2012.06.03"]
[Round "4"]
[White "Godena, Michele"]
[Black "Neubauer, Martin"]
[Result "1/2-1/2"]
[WhiteElo "2521"]
[BlackElo "2415"]
[PlyCount "56"]
[EventDate "2012.05.31"]
[EventType "team-tourn"]
[EventRounds "9"]
[EventCountry "CRO"]
[SourceTitle "CBM 148 Extra"]
[Source "ChessBase"]
[SourceDate "2012.06.22"]
[SourceVersion "1"]
[SourceVersionDate "2012.06.22"]
[SourceQuality "1"]
[WhiteTeam "Italy"]
[BlackTeam "Austria"]
[WhiteTeamCountry "ITA"]
[BlackTeamCountry "AUT"]

1. e4 e5 2. Nf3 Nc6 3. c3 Nf6 4. d4 Nxe4 5. d5 Ne7 6. Nxe5 Ng6 7. Nxg6 hxg6 8.
Bd3 Nf6 9. O-O Be7 10. Re1 O-O 11. Qf3 d6 12. h3 Nd7 13. Bf4 Bg5 14. Nd2 Nc5
15. Bc2 Bf5 16. Bxf5 gxf5 17. Re3 Bf6 18. Re2 Re8 19. Rae1 Qd7 20. Rxe8+ Rxe8
21. Rxe8+ Qxe8 22. Be3 Ne4 23. Qxf5 Nxd2 24. Bxd2 Qe2 25. Qc8+ Kh7 26. Qf5+ Kg8
27. Qc8+ Kh7 28. Qf5+ Kg8 1/2-1/2

[Event "FICS rated standard game"]
[Site "FICS freechess.org"]
[Date "2012.06.03"]
[Round "?"]
[White "stacelin"]
[Black "horribad"]
[Result "0-1"]
[WhiteElo "2058"]
[BlackElo "2010"]
[PlyCount "76"]
[EventDate "2012.??.??"]
[SourceTitle "OM Portal C 201906"]
[Source "Opening Master"]
[SourceDate "2019.06.27"]
[SourceVersion "1"]
[SourceVersionDate "2019.06.27"]
[SourceQuality "1"]

1. e4 e5 2. Nf3 Nc6 3. c3 f5 4. exf5 d5 5. d3 Bxf5 6. Be2 Nf6 7. b4 Bd6 8. O-O
O-O 9. Bg5 h6 10. Bh4 g5 11. Bg3 g4 12. Nh4 Bd7 13. b5 Ne7 14. c4 dxc4 15. dxc4
Nf5 16. Nxf5 Bxf5 17. Nc3 Qd7 18. Qc1 Kh7 19. a4 Nh5 20. Rd1 Qg7 21. Nd5 Nxg3
22. hxg3 Bc5 23. Rf1 h5 24. Ne3 Bg6 25. Ra2 Bd4 26. c5 Rad8 27. Qa3 c6 28. bxc6
bxc6 29. Bd3 e4 30. Be2 Qe5 31. Rc2 a5 32. Rb1 Rxf2 33. Kxf2 Rf8+ 34. Kg1 Qxg3
35. Rb3 Qe1+ 36. Kh2 Be5+ 37. g3 Qxg3+ 38. Kh1 Qh2# 0-1

[Event "Mitropa Cup (Women)"]
[Site "Sibenik"]
[Date "2012.06.01"]
[Round "2"]
[White "Sedina, Elena"]
[Black "Motycakova, Monika"]
[Result "1-0"]
[WhiteElo "2337"]
[BlackElo "2121"]
[PlyCount "79"]
[EventDate "2012.05.31"]
[EventType "team-tourn"]
[EventRounds "7"]
[EventCountry "CRO"]
[SourceTitle "CBM 148 Extra"]
[Source "ChessBase"]
[SourceDate "2012.06.22"]
[SourceVersion "1"]
[SourceVersionDate "2012.06.22"]
[SourceQuality "1"]
[WhiteTeam "Italy (W)"]
[BlackTeam "Slovakia (W)"]
[WhiteTeamCountry "ITA"]
[BlackTeamCountry "SVK"]

1. e4 e5 2. Nf3 Nc6 3. c3 d5 4. Qa4 Bd7 5. exd5 Nd4 6. Qd1 Nxf3+ 7. Qxf3 Nf6 8.
Bc4 e4 9. Qe2 Bd6 10. d4 h6 11. Be3 Qe7 12. h3 O-O-O 13. Nd2 Nh7 14. g4 g6 15.
O-O-O f5 16. gxf5 gxf5 17. Nb3 f4 18. Bd2 Ng5 19. Na5 Rdf8 20. Bb5 e3 21. fxe3
f3 22. Bxd7+ Qxd7 23. Qd3 Nxh3 24. Rhf1 Bg3 25. e4 Nf2 26. Rxf2 Bxf2 27. Rf1
Bg3 28. Rxf3 Rxf3 29. Qxf3 Qg7 30. e5 Rf8 31. Qd3 a6 32. e6 h5 33. Qe4 Bd6 34.
c4 Kd8 35. Nxb7+ Kc8 36. Nxd6+ cxd6 37. e7 Re8 38. Qe6+ Kc7 39. Ba5+ Kb8 40.
Qxd6+ 1-0

[Event "FICGS__CHESS__CLASS_F__000112"]
[Site "FICGS"]
[Date "2012.06.01"]
[Round "1"]
[White "Whittaker, Deon"]
[Black "Pech, Jaroslav"]
[Result "1-0"]
[WhiteElo "1083"]
[BlackElo "675"]
[PlyCount "23"]
[EventDate "2012.??.??"]

1. e4 e5 2. Nf3 Nc6 3. c3 Nf6 4. Bb5 Nxe4 5. Qe2 Nd6 6. Nxe5 Qe7 7. d4 Nxb5 8.
Qxb5 d6 9. d5 a6 10. Qe2 Nxe5 11. O-O Bg4 12. f3 1-0

[Event "corr VM2010/Finale desc"]
[Site "www.desc-online.de"]
[Date "2012.06.01"]
[Round "?"]
[White "Sherron, Linda S"]
[Black "Mayer, Eduardo"]
[Result "1/2-1/2"]
[WhiteElo "2312"]
[BlackElo "2253"]
[PlyCount "98"]
[EventDate "2012.06.01"]
[EventType "team-tourn (corr)"]
[SourceTitle "OM Corr 202003"]
[Source "Opening Master"]
[SourceDate "2019.05.30"]
[SourceVersion "2"]
[SourceVersionDate "2019.05.30"]
[SourceQuality "1"]
[WhiteTeam "ICCA"]
[BlackTeam "IECC 1"]

1. e4 e5 2. Nf3 Nc6 3. c3 d5 4. Qa4 Bd7 5. exd5 Nd4 6. Qd1 Nxf3+ 7. Qxf3 Nf6 8.
c4 Bc5 9. Nc3 O-O 10. Bd3 c6 11. O-O Bd4 12. dxc6 Bxc6 13. Qh3 Re8 14. Ne2 Bb6
15. Bf5 g6 16. Bc2 e4 17. b3 Bc7 18. Ng3 Be5 19. Rb1 b5 20. Qh4 Rb8 21. Bb2
Bxb2 22. Rxb2 bxc4 23. Rbb1 Kg7 24. Qg5 Rb5 25. Qe3 cxb3 26. Bxb3 Ra5 27. Rfe1
Bd5 28. Qc3 Re6 29. h3 Raa6 30. Re3 Qa5 31. Rd1 h5 32. Qd4 h4 33. Ne2 Red6 34.
Qc3 Rd7 35. Qxa5 Rxa5 36. Nc3 Bxb3 37. axb3 Rd4 38. Rde1 Rxd2 39. Nxe4 Nxe4 40.
Rxe4 Raa2 41. Rf4 g5 42. Rg4 f6 43. f4 a5 44. Rc1 Rab2 45. Kh2 Rd5 46. Rc7+ Kg6
47. fxg5 fxg5 48. Rb7 Kf5 49. Rc4 Rb1 1/2-1/2

[Event "AUT-ch U12 Girls"]
[Site "Tschagguns"]
[Date "2012.05.29"]
[Round "7"]
[White "Raith, Selina"]
[Black "Azad, Mitra"]
[Result "1/2-1/2"]
[WhiteElo "1133"]
[BlackElo "1279"]
[PlyCount "60"]
[EventDate "2012.05.26"]
[EventType "swiss"]
[EventRounds "7"]
[EventCountry "AUT"]
[SourceTitle "CBM 148 Extra"]
[Source "ChessBase"]
[SourceDate "2012.06.22"]
[SourceVersion "1"]
[SourceVersionDate "2012.06.22"]
[SourceQuality "1"]

1. e4 e5 2. Nf3 Nc6 3. c3 Bc5 4. d4 exd4 5. cxd4 Bb4+ 6. Bd2 d5 7. e5 Bg4 8.
Bxb4 Nxb4 9. Nc3 Nc6 10. Bb5 Nge7 11. h3 Bh5 12. O-O a6 13. Be2 Qd7 14. Nh4
Bxe2 15. Nxe2 Ng6 16. Nxg6 hxg6 17. Nf4 O-O-O 18. Rb1 g5 19. Nh5 Nxd4 20. Nxg7
Rdg8 21. Qxd4 Rxg7 22. Qa7 Kd8 23. Qxb7 Rg6 24. Rbd1 Ke7 25. Rxd5 Qc6 26. Qxc6
Rxc6 27. f4 gxf4 28. Rxf4 Rc1+ 29. Kf2 Rc2+ 30. Ke3 Rxg2 1/2-1/2

[Event "Maastricht Limburg op-C 6th"]
[Site "Maastricht"]
[Date "2012.05.28"]
[Round "7"]
[White "Hong, Jeffrey"]
[Black "Janssen, Fynn"]
[Result "0-1"]
[WhiteElo "1119"]
[BlackElo "935"]
[PlyCount "62"]
[EventDate "2012.05.25"]
[EventType "swiss"]
[EventRounds "7"]
[EventCountry "NED"]
[SourceTitle "EXT 2013"]
[Source "ChessBase"]
[SourceDate "2012.11.22"]
[SourceVersion "1"]
[SourceVersionDate "2012.11.22"]
[SourceQuality "1"]

1. e4 e5 2. Nf3 Nc6 3. c3 d5 4. exd5 Qxd5 5. Be2 e4 6. c4 Qd8 7. Ng1 f5 8. Nc3
Be6 9. b3 Nf6 10. d3 Qd6 11. dxe4 fxe4 12. Qxd6 Bxd6 13. Be3 Be5 14. Rc1 Bxc3+
15. Rxc3 O-O-O 16. f3 Rhf8 17. fxe4 Nxe4 18. Rc1 Kb8 19. Nf3 Bg4 20. O-O Bxf3
21. Rxf3 Rxf3 22. Bxf3 Re8 23. Rf1 Nf6 24. Bg5 Re6 25. Bd5 Rd6 26. Bxc6 bxc6
27. Re1 h6 28. Re7 hxg5 29. Rxg7 Ne4 30. Rg8+ Kb7 31. b4 Rd1# 0-1

[Event "AUT-ch U14"]
[Site "Tschagguns"]
[Date "2012.05.28"]
[Round "5"]
[White "Steiner, Martin"]
[Black "Atzl, Florian"]
[Result "0-1"]
[WhiteElo "1739"]
[BlackElo "1711"]
[PlyCount "68"]
[EventDate "2012.05.26"]
[EventType "swiss"]
[EventRounds "7"]
[EventCountry "AUT"]
[SourceTitle "CBM 148 Extra"]
[Source "ChessBase"]
[SourceDate "2012.06.22"]
[SourceVersion "1"]
[SourceVersionDate "2012.06.22"]
[SourceQuality "1"]

1. e4 e5 2. Nf3 Nc6 3. c3 d6 4. d3 g6 5. Nbd2 Bg7 6. Be2 f5 7. O-O Nf6 8. Qc2
O-O 9. b4 a6 10. Bb2 Qe7 11. a3 Nd8 12. Rfe1 Nh5 13. Nf1 Nf4 14. Bc1 Nxe2+ 15.
Qxe2 f4 16. d4 g5 17. dxe5 dxe5 18. h3 h5 19. N3h2 Qf7 20. f3 Be6 21. Nd2 Kh7
22. Bb2 Rh8 23. Rac1 Bf6 24. c4 Kg8 25. Nb3 Qh7 26. Qf2 g4 27. g3 h4 28. Nxg4
Bxg4 29. hxg4 hxg3 30. Qg2 Ne6 31. Kf1 Ng5 32. Ke2 Qh2 33. Qxh2 Rxh2+ 34. Kd3
Rxb2 0-1

[Event "GER-ch U10"]
[Site "Oberhof"]
[Date "2012.05.28"]
[Round "4"]
[White "Becker, Silke"]
[Black "Flach, Helene"]
[Result "1-0"]
[WhiteElo "1222"]
[BlackElo "974"]
[PlyCount "77"]
[EventDate "2012.05.27"]
[EventType "swiss"]
[EventRounds "11"]
[EventCountry "GER"]
[SourceTitle "CBM 148 Extra"]
[Source "ChessBase"]
[SourceDate "2012.06.22"]
[SourceVersion "1"]
[SourceVersionDate "2012.06.22"]
[SourceQuality "1"]

1. e4 e5 2. Nf3 Nc6 3. c3 Nf6 4. d3 h6 5. Nbd2 Be7 6. b4 O-O 7. b5 Nb8 8. Nxe5
d6 9. Nef3 Be6 10. Be2 Nbd7 11. O-O a6 12. d4 Bg4 13. Qc2 Nb6 14. Re1 Nh7 15.
h3 Bh5 16. Bf1 Ng5 17. Nxg5 Bxg5 18. Qd3 Re8 19. Qg3 Nd7 20. Nf3 Bxc1 21. Raxc1
axb5 22. Bxb5 Rxa2 23. Bc4 Rb2 24. Qf4 Qf6 25. Qg3 Qg6 26. Qf4 Bxf3 27. Qxf3
Nb6 28. Bd3 Re6 29. e5 Qg5 30. Qxb7 Re8 31. exd6 Rxe1+ 32. Rxe1 g6 33. dxc7 Qd2
34. Re2 Qd1+ 35. Kh2 Rxe2 36. Bxe2 Qxe2 37. Qxb6 Qxf2 38. c8=Q+ Kg7 39. Qd6 1-0

[Event "FRA-chT U20"]
[Site "France"]
[Date "2012.05.28"]
[Round "?"]
[White "Beneteau Desmoulieres, Mael"]
[Black "Guerin, Juliette"]
[Result "0-1"]
[WhiteElo "1319"]
[BlackElo "1550"]
[PlyCount "50"]
[EventDate "2012.05.26"]
[EventType "team-swiss"]
[EventRounds "9"]
[EventCountry "FRA"]
[SourceTitle "EXT 2014"]
[Source "ChessBase"]
[SourceDate "2013.11.20"]
[SourceVersion "1"]
[SourceVersionDate "2013.11.20"]
[SourceQuality "1"]

1. e4 e5 2. Nf3 Nc6 3. c3 d5 4. Qa4 dxe4 5. Nxe5 Bd7 6. Nxd7 Qxd7 7. Bb5 Nf6 8.
O-O Be7 9. Bxc6 bxc6 10. Qd4 Bd6 11. Re1 O-O 12. c4 Bxh2+ 13. Kxh2 Qxd4 14. Kg1
Ng4 15. Re2 Qxc4 16. Nc3 f5 17. b3 Qf7 18. Bb2 Qh5 19. Ree1 Qh4 20. Nd1 Qh2+
21. Kf1 Qh1+ 22. Ke2 Qxg2 23. Rc1 f4 24. d3 Qf3+ 25. Kd2 Qxd3# 0-1

[Event "corr RemoteSchachS7E-137"]
[Site "www.remoteschach.de"]
[Date "2012.05.25"]
[Round "?"]
[White "Langschmidt, Dirk"]
[Black "Jarecki, Marian"]
[Result "0-1"]
[WhiteElo "1926"]
[BlackElo "1788"]
[PlyCount "52"]
[EventDate "2012.??.??"]
[EventType "tourn (corr)"]
[SourceTitle "OM Corr 202003"]
[Source "Opening Master"]
[SourceDate "2019.05.30"]
[SourceVersion "2"]
[SourceVersionDate "2019.05.30"]
[SourceQuality "1"]

1. e4 e5 2. Nf3 Nc6 3. c3 d5 4. Bb5 dxe4 5. Nxe5 Qd5 6. Bxc6+ bxc6 7. Ng4 Bxg4
8. Qxg4 Nf6 9. Qe2 O-O-O 10. Na3 Bxa3 11. Qa6+ Kb8 12. Qxa3 Qd3 13. Qb3+ Ka8
14. Qd1 Rhe8 15. Qe2 Nd5 16. g3 Nf6 17. Kf1 h5 18. Qxd3 exd3 19. Kg2 Re2 20. b3
Ne4 21. Rf1 h4 22. Rb1 Rd6 23. Ba3 Rf6 24. gxh4 Rg6+ 25. Kf3 Nxd2+ 26. Kf4 Re4+
0-1

[Event "OP-2012-0-02211"]
[Site "Lechenicher SchachServer"]
[Date "2012.05.24"]
[Round "?"]
[White "Kratky, Josef"]
[Black "Fuller, Christopher"]
[Result "1-0"]
[WhiteElo "992"]
[BlackElo "672"]
[PlyCount "45"]
[EventDate "2012.05.20"]

1. e4 e5 2. Nf3 Nc6 3. c3 Bd6 4. d4 exd4 5. cxd4 Nf6 6. e5 Bb4+ 7. Bd2 Bxd2+ 8.
Qxd2 Nd5 9. Bc4 Nb6 10. Bb3 d6 11. O-O O-O 12. Nc3 h6 13. Rad1 dxe5 14. d5 Ne7
15. Nxe5 Qd6 16. Rfe1 Bf5 17. f4 Qc5+ 18. Qd4 Qxd4+ 19. Rxd4 Rad8 20. g4 Bh7
21. Nxf7 Kxf7 22. d6+ Ke8 23. Rxe7# 1-0

[Event "SN-2012-0-00436"]
[Site "Lechenicher SchachServer"]
[Date "2012.05.24"]
[Round "?"]
[White "Kratky, Josef"]
[Black "Garcia, Miguel Angel"]
[Result "1-0"]
[WhiteElo "1061"]
[BlackElo "405"]
[PlyCount "49"]
[EventDate "2012.04.29"]

1. e4 e5 2. Nf3 Nc6 3. c3 Nf6 4. d4 d6 5. Be2 Be7 6. O-O O-O 7. Bd3 Bg4 8. d5
Na5 9. b4 b6 10. bxa5 Qc8 11. Be3 Nh5 12. Nbd2 Bh4 13. Qc1 Qd8 14. g3 Qf6 15.
Be2 a6 16. gxh4 Bh3 17. Kh1 Bxf1 18. Qxf1 Qg6 19. Ng5 Nf6 20. Qg2 bxa5 21. Rg1
h6 22. Ngf3 Rab8 23. Qxg6 fxg6 24. Rxg6 Rb2 25. Bc4 1-0

[Event "SN-2012-0-00436"]
[Site "Lechenicher SchachServer"]
[Date "2012.05.24"]
[Round "?"]
[White "Kratky, Josef"]
[Black "Linart, Ludvík"]
[Result "1-0"]
[WhiteElo "1061"]
[BlackElo "804"]
[PlyCount "113"]
[EventDate "2012.04.29"]

1. e4 e5 2. Nf3 Nc6 3. c3 Nf6 4. d4 exd4 5. e5 Nd5 6. cxd4 Bb4+ 7. Bd2 Bxd2+ 8.
Qxd2 O-O 9. Bd3 h6 10. O-O d6 11. Nc3 Nxc3 12. bxc3 Bg4 13. exd6 Qxd6 14. Nh4
Rae8 15. Nf5 Bxf5 16. Bxf5 Re5 17. Qf4 Rd5 18. Qxd6 Rxd6 19. Rab1 b6 20. Rfe1
Rfd8 21. g3 Na5 22. Re3 Kf8 23. Rbe1 g6 24. Bd3 Nc6 25. f4 Nb8 26. Re7 R6d7 27.
R7e4 a6 28. Bc4 b5 29. Bb3 Nc6 30. f5 g5 31. h4 Re7 32. hxg5 Rxe4 33. Rxe4 hxg5
34. Kf2 Na5 35. Re5 Rd6 36. Ke2 Nxb3 37. axb3 c6 38. Kd3 f6 39. Rc5 Ke7 40. c4
bxc4+ 41. bxc4 Kd7 42. Ra5 Kc7 43. Rxa6 Kb7 44. Ra2 c5 45. d5 Rb6 46. Kc3 Kc7
47. Ra7+ Kd6 48. Rf7 Ke5 49. g4 Kf4 50. Re7 Kxg4 51. Re6 Rb7 52. Rxf6 Kf3 53.
Rc6 g4 54. Rxc5 g3 55. Rc8 g2 56. Rg8 Rb1 57. f6 1-0

[Event "Orlova op"]
[Site "Orlova"]
[Date "2012.05.22"]
[Round "2.12"]
[White "Cempel, Jaroslav"]
[Black "Sramek, Tomas"]
[Result "0-1"]
[WhiteElo "2207"]
[BlackElo "1888"]
[PlyCount "142"]
[EventDate "2012.05.21"]
[EventType "swiss"]
[EventRounds "7"]
[EventCountry "CZE"]
[SourceTitle "CBM 148 Extra"]
[Source "ChessBase"]
[SourceDate "2012.06.22"]
[SourceVersion "1"]
[SourceVersionDate "2012.06.22"]
[SourceQuality "1"]

1. e4 e5 2. Nf3 Nc6 3. c3 d5 4. Bb5 dxe4 5. Nxe5 Qg5 6. Qa4 Qxg2 7. Bxc6+ bxc6
8. Qxc6+ Kd8 9. Rf1 Bh3 10. Qxa8+ Ke7 11. Kd1 Qxf1+ 12. Kc2 Bf5 13. Qxa7 e3+
14. d3 Qe2+ 15. Nd2 exf2 16. b3 Ke6 17. Bb2 Bd6 18. c4 Ne7 19. Qd4 Bxe5 20.
Qxe5+ Qxe5 21. Bxe5 Kxe5 22. Rf1 Rd8 23. Rxf2 Bxd3+ 24. Kc3 Bf5 25. Nf3+ Kf6
26. b4 Rd3+ 27. Kb2 g6 28. b5 Nc8 29. Ne1 Re3 30. Ng2 Rd3 31. Nf4 Rd7 32. Nd5+
Kg7 33. Kc3 Nb6 34. Nxb6 cxb6 35. a4 Be6 36. a5 bxa5 37. Ra2 Rc7 38. Ra4 Kf8
39. Kd4 Ke7 40. b6 Rb7 41. Kc5 Kd7 42. Ra1 Kc8 43. Rc1 a4 44. Kb5 Bd7+ 45. Ka6
Bc6 46. c5 Rb8 47. Ka5 Kb7 48. Kb4 Re8 49. Rc3 f5 50. Rd3 f4 51. Rd6 f3 52. Rf6
Rd8 53. Rf7+ Rd7 54. Rf6 Rg7 55. h4 h6 56. Kc3 a3 57. Kb3 g5 58. Rxh6 f2 59.
Rf6 gxh4 60. Rxf2 h3 61. Kxa3 Rh7 62. Rh2 Bg2 63. Kb4 Kc6 64. Kc4 Rh5 65. Kd3
Kxc5 66. b7 Rh8 67. Ke3 Kb6 68. Kf4 Kxb7 69. Kg3 Kc6 70. Kf2 Re8 71. Kg1 Rf8
0-1